[Event "Mumbai Wealth U13 op 5th"]
[Site "Mumbai"]
[Date "2020.01.01"]
[Round "3"]
[White "Kudakala, Venkata Drakshanya"]
[Black "Daakshin, Arun"]
[Result "0-1"]
[WhiteElo "1248"]
[BlackElo "1760"]
[PlyCount "104"]
[EventDate "2019.12.30"]
[EventType "swiss"]
[EventRounds "9"]
[EventCountry "IND"]
[SourceTitle "CBM 194 Extra"]
[Source "ChessBase"]
[SourceDate "2020.03.31"]
[SourceVersion "1"]
[SourceVersionDate "2020.03.31"]
[SourceQuality "1"]

1. d4 Nf6 2. Nf3 g6 3. Bf4 Bg7 4. e3 d6 5. c3 0-0 6. Nbd2 Nbd7 7. Qc2 c6 8. Be2 Re8 9. h3 b6 10. g4 Bb7 11. Qb3 e5 12. dxe5 dxe5 13. Bg3 Nc5 14. Qc2 e4 15. Nd4 Nd3+ 16. Bxd3 exd3 17. Qb3 c5 18. N4f3 Ne4 19. Rg1 Nxg3 20. Rxg3 Qc7 21. Rg1 c4 22. Qb5 a6 23. Qg5 b5 24. a3 Qd6 25. Qh4 Bxf3 26. Nxf3 Qf4 27. Nd2 Rxe3+ 28. fxe3 Qxe3+ 29. Kd1 Qxg1+ 30. Qe1 Qxe1+ 31. Kxe1 Re8+ 32. Kf1 Re2 33. Nf3 Rxb2 34. Re1 Bxc3 35. Re8+ Kg7 36. a4 bxa4 37. Ra8 Rb6 38. Rc8 a3 39. Rxc4 a2 40. Ra4 a1Q+ 41. Rxa1 Bxa1 42. Ke1 Bc3+ 43. Kf1 a5 44. h4 a4 45. h5 a3 46. hxg6 a2 47. gxh7 a1Q+ 48. Kf2 Bd4+ 49. Nxd4 Qxd4+ 50. Kg3 Qe3+ 51. Kg2 Rb2+ 52. Kf1 Qc1# 0-1